00520nam a2200157Ia 450000500170000000800410001708200130005810000140007124500290008526000580011430000170017250000530018994200060024295200990024899900150034720250405143611.0240331s9999 xx 000 0 und d bSAMa894 aSameem, M 0aEnathu illakiyath thedal aColombobIlankai mootpoku kalai ilakkiyapperavic2006 aXv, 136 p ., aTamil Ilakkiya sinthanai marabum kailasababathum cL 001040708LaWERCLbWERCLcSSCd2024-03-31l0o 894.811 SAMp5513r2024-03-31w2024-03-31yL c4140d4140